|
|
|
|
| LEADER |
01072nam a22003252a 4500 |
| 001 |
000121494 |
| 003 |
CZ BrMZK |
| 005 |
20210916092705.0 |
| 007 |
ta |
| 008 |
010907s1987 xr f 000 0 cze d |
| 015 |
|
|
|a cnb000030756
|
| 040 |
|
|
|a BOA001
|b cze
|
| 080 |
9 |
|
|a 621.38.049.77
|
| 080 |
9 |
|
|a 681.325/.326
|
| 100 |
1 |
|
|a Dvořák, Vladimír
|7 xx0028298
|4 aut
|
| 245 |
1 |
0 |
|a Mikroprocesorový systém 8080 /
|c Vladimír Dvořák
|
| 250 |
|
|
|a 1. vyd.
|
| 260 |
|
|
|a Praha :
|b Státní nakladatelství technické literatury,
|c 1987
|
| 300 |
|
|
|a 202 s.
|
| 490 |
1 |
|
|a Mikroelektronické systémy Tesla. Řada 8080
|
| 500 |
|
|
|a 1000 výt.
|
| 504 |
|
|
|a Obsahuje bibliografii
|
| 550 |
|
|
|a Vydavatel: Tesla Eltos
|
| 710 |
2 |
|
|a Tesla Eltos (firma).
|b Institut mikroelektronických aplikací
|7 kn20050422002
|
| 830 |
|
0 |
|a Mikroelektronické systémy Tesla.
|p Řada 8080
|
| 910 |
|
|
|a BOA001
|b 2-0914.243
|
| 964 |
|
|
|a Mikroprocesory 8080
|
| 990 |
|
|
|a BK
|
| 991 |
|
|
|b 200703
|
| 996 |
6 |
|
|b 2619971013
|c 2-0914.243
|l MZK
|r Sklad / do 1 hodiny
|n 0
|w 000121494
|u 000010
|a 1
|e BOA001
|j MZK50
|s P
|